Logic in computer science : (Record no. 211207)

000 -LEADER
fixed length control field 01120 a2200265 4500
003 - CONTROL NUMBER IDENTIFIER
control field Nust
005 - DATE AND TIME OF LATEST TRANSACTION
control field 20220722113732.0
010 ## - LIBRARY OF CONGRESS CONTROL NUMBER
LC control number 2004045921
020 ## - INTERNATIONAL STANDARD BOOK NUMBER
International Standard Book Number 052154310X (pbk.)
040 ## - CATALOGING SOURCE
Transcribing agency Nust
082 00 - DEWEY DECIMAL CLASSIFICATION NUMBER
Classification number 005.1,HUT
100 1# - MAIN ENTRY--PERSONAL NAME
Personal name Huth, Michael,
9 (RLIN) 94536
245 10 - TITLE STATEMENT
Title Logic in computer science :
Remainder of title modelling and reasoning about systems /
Statement of responsibility, etc. Michael Huth, Mark Ryan.
250 ## - EDITION STATEMENT
Edition statement 2nd ed.
260 ## - PUBLICATION, DISTRIBUTION, ETC.
Place of publication, distribution, etc. Cambridge [U.K.] ;
-- New York :
Name of publisher, distributor, etc. Cambridge University Press,
Date of publication, distribution, etc. 2004.
300 ## - PHYSICAL DESCRIPTION
Extent xiv, 427 p. :
Other physical details ill. ;
Dimensions 25 cm.
505 ## - FORMATTED CONTENTS NOTE
Formatted contents note Propositional Logic (Pag-1), Predicate Logic (Page-91), Verification by Model Checking (Page-172), Program Verification (Page-254), Model Logic and Agents (Page-304),
650 #0 - SUBJECT ADDED ENTRY--TOPICAL TERM
Topical term or geographic name entry element Computer logic.
9 (RLIN) 94537
650 #0 - SUBJECT ADDED ENTRY--TOPICAL TERM
Topical term or geographic name entry element Logic programming.
9 (RLIN) 55697
700 1# - ADDED ENTRY--PERSONAL NAME
Personal name Ryan, Mark,
Dates associated with a name 1962-
9 (RLIN) 94538
856 41 - ELECTRONIC LOCATION AND ACCESS
Materials specified Publisher description
Uniform Resource Identifier <a href="http://www.loc.gov/catdir/description/cam041/2004045921.html">http://www.loc.gov/catdir/description/cam041/2004045921.html</a>
856 41 - ELECTRONIC LOCATION AND ACCESS
Materials specified Sample text
Uniform Resource Identifier <a href="http://www.loc.gov/catdir/samples/cam041/2004045921.html">http://www.loc.gov/catdir/samples/cam041/2004045921.html</a>
856 41 - ELECTRONIC LOCATION AND ACCESS
Materials specified Table of contents
Uniform Resource Identifier <a href="http://www.loc.gov/catdir/toc/cam041/2004045921.html">http://www.loc.gov/catdir/toc/cam041/2004045921.html</a>
942 ## - ADDED ENTRY ELEMENTS (KOHA)
Koha item type Reference
Source of classification or shelving scheme
Holdings
Withdrawn status Lost status Source of classification or shelving scheme Damaged status Not for loan Permanent Location Current Location Shelving location Date acquired Full call number Barcode Date last seen Price effective from Koha item type Public note
          Military College of Signals (MCS) Military College of Signals (MCS) Reference 12/12/2016 005.1,HUT MCS37090 12/08/2016 12/12/2016 Book Almirah No.17, Shelf No.5
© 2023 Central Library, National University of Sciences and Technology. All Rights Reserved.